000 00397nam a22001817a 4500
003 OSt
005 20240226122917.0
008 210611b xxu||||| |||| 00| 0 eng d
020 _a9789352134755
040 _cSerosoft
100 _aDowney Allen B
245 _aThink Python
250 _aSecound
260 _aNavi Mumbai
_bSPD
300 _a268
365 _b525
942 _2ddc
_c02
_eSecond
999 _c50832
_d50832